[Event "Mittelrhein Verbandsliga-W 18/19"]
[Site "Nordrheinwestfalen"]
[Date "2018.09.30"]
[Round "2.7"]
[White "Jansen Karanatsios, Michael"]
[Black "Sorokin, Michael"]
[Result "0-1"]
[WhiteElo "1686"]
[BlackElo "1725"]
[PlyCount "80"]
[EventDate "2018.09.02"]
[EventType "team-tourn"]
[EventRounds "11"]
[EventCountry "GER"]
[SourceTitle "EXT 2022"]
[Source "ChessBase"]
[SourceDate "2021.10.06"]
[SourceVersion "1"]
[SourceVersionDate "2021.10.06"]
[SourceQuality "1"]
[WhiteTeam "Koeln Lasker II"]
[BlackTeam "Lendersdorf"]
[WhiteTeamCountry "GER"]
[BlackTeamCountry "GER"]

1. d4 Nf6 2. Bf4 e6 3. Nf3 Nc6 4. e3 d6 5. c3 g6 6. Nbd2 Bg7 7. Bg3 0-0 8. e4 Qe7 9. Be2 e5 10. d5 Nb8 11. Bh4 a5 12. 0-0 Na6 13. Qc2 Nc5 14. b4 Ncd7 15. a3 h6 16. Bxf6 Nxf6 17. c4 Nh5 18. Rfc1 Nf4 19. Bf1 g5 20. g3 Ng6 21. c5 g4 22. Ne1 f5 23. cxd6 cxd6 24. bxa5 Qf6 25. Ra2 f4 26. Nc4 Bd7 27. Nb6 Rad8 28. Qc7 Bc8 29. Nd3 h5 30. Nxc8 Rxc8 31. Qxb7 Rxc1 32. Nxc1 h4 33. Qd7 Qg5 34. Nd3 fxg3 35. hxg3 hxg3 36. Qa7 Nh4 37. Bg2 Nxg2 38. Kxg2 Qh4 39. Qe3 Qh2+ 40. Kf1 g2+ 0-1